El aula como espacio de investigación y reflexión. Investigaciones en didáctica de la lengua
Na minha lista:
| Autor principal: | |
|---|---|
| Formato: | Livro |
| Idioma: | espanhol |
| Publicado em: |
Barcelona, España
Graó
2001
|
| Edição: | 1a. edición. |
| Colecção: | Biblioteca de Textos,
|
| Assuntos: | |
| Tags: |
Adicionar Tag
Sem tags, seja o primeiro a adicionar uma tag!
|
MARC
| LEADER | 00000cam a2200000 a 4500 | ||
|---|---|---|---|
| 001 | UCM0405 | ||
| 003 | CL-VaPUC | ||
| 005 | 20220423074448.0 | ||
| 008 | 020301e20011000SP |||||||||||||||||spa|d | ||
| 999 | |c 299315 |d 299313 | ||
| 020 | |a 84-7827-262-3 | ||
| 040 | |c Pontificia Universidad Católica de Valparaíso | ||
| 082 | 0 | 4 | |a 410.71 CAM 2001 |2 21 |
| 100 | 0 | |a Camps Mundó, Anna |e coordinadora |9 467144 | |
| 245 | 1 | 3 | |a El aula como espacio de investigación y reflexión. |b Investigaciones en didáctica de la lengua |
| 250 | |a 1a. edición. | ||
| 260 | |a Barcelona, España |b Graó |c 2001 | ||
| 300 | |a 223 páginas | ||
| 440 | |a Biblioteca de Textos, |n 162 |9 858149 | ||
| 583 | |a last modification |c 20190812 02:43:17 |k Rodrigo Vera | ||
| 650 | 0 | |a Investigación lingüística |9 329785 | |
| 650 | 0 | |a Comprensión lectora |9 547868 | |
| 650 | 0 | |a Educación lingüística |9 306506 | |
| 852 | |a BIBEDU | ||
| 942 | |c BK |2 ddc | ||
| 945 | |d 20020301 00:00:00 |a cmena | ||
| 952 | |0 0 |1 0 |4 0 |6 410_710000000000000_CAM_2001 |7 0 |8 A |9 355778 |a FDOPOS |b FDOPOS |d 2019-11-21 |i 3790185 |o 410.71 CAM 2001 |p 3790185 |r 2025-01-22 |w 2019-11-21 |y BK |k MLA | ||
| 952 | |0 0 |1 0 |4 0 |6 410_710000000000000_CAM_2001 |7 0 |8 A |9 355779 |a BIBEDU |b BIBEDU |d 2019-11-21 |i 4563131 |o 410.71 CAM 2001 |p 4563131 |r 2019-11-21 |w 2019-11-21 |y BK |k PSI | ||
| 952 | |0 0 |1 0 |4 0 |6 410_710000000000000_CAM_2001 |7 0 |8 A |9 355780 |a BIBEDU |b BIBEDU |d 2019-11-21 |i 4601556 |o 410.71 CAM 2001 |p 4601556 |r 2019-11-21 |w 2019-11-21 |y BK |k LIT | ||
| 952 | |0 0 |1 0 |4 0 |6 410_710000000000000_CAM_2001 |7 0 |8 A |9 355781 |a BIBEDU |b BIBEDU |d 2019-11-21 |i 4921976 |o 410.71 CAM 2001 |p 4921976 |r 2019-11-21 |w 2019-11-21 |y BK |k LIT | ||
| 952 | |0 0 |1 0 |3 erb |4 0 |6 410_710000000000000_CAM_2001 |7 0 |8 A |9 355782 |a BIBEDU |b BIBEDU |d 2019-08-08 |e 11 |g 26700.00 |i 555764K |l 1 |m 1 |o 410.71 CAM 2001 |p 555764K |r 2024-04-18 |s 2024-04-04 |v 26700.00 |w 2019-11-21 |y BK |z Catalogado en:20190814 |k EBA | ||
| 952 | |0 0 |1 0 |3 erb |4 0 |6 410_710000000000000_CAM_2001 |7 0 |8 A |9 355783 |a BIBEDU |b BIBEDU |d 2019-08-08 |e 11 |g 26700.00 |i 5557658 |o 410.71 CAM 2001 |p 5557658 |r 2019-11-21 |v 26700.00 |w 2019-11-21 |y BK |z Catalogado en:20190814 |k EBA | ||
| 952 | |0 0 |1 0 |3 erb |4 0 |6 410_710000000000000_CAM_2001 |7 0 |8 A |9 355784 |a BIBEDU |b BIBEDU |d 2019-08-08 |e 11 |g 26700.00 |i 5557666 |o 410.71 CAM 2001 |p 5557666 |r 2019-11-21 |v 26700.00 |w 2019-11-21 |y BK |z Catalogado en:20190814 |k EBA | ||